000 01260cab a2200289 4500
001 X2582
008 090401t1995 xxu||||| |||| 00| 0 eng d
035 _a(Sirsi) u25135
041 _aeng
245 _aEast Northamptonshire DC v Barratt Northampton Ltd
260 _c1995
350 _a0
490 _aPlanning Appeal Decisions
_v(1995) 10 PAD 545-552(8)
520 _a24 May 1995. 142 houses - 5.6 ha. site of former tannery - now demolished - valley through site - principle of residential development not in dispute - structure and local plans - density - loss of privacy - wildlife - conditions - contaminated land - Interdepartmental Committee on the Redevelopment of Contaminated Land - `trigger` and `threshold` levels of contaminants - capping layer - methane gas. TAKEN FROM CASE HEADING.
650 _aCONTAMINATED LAND
650 _aEAST NORTHAMPTONSHIRE DC V BARRATT NORTHAMPTON LTD
650 _aINTERDEPARTMENTAL COMMITTEE ON THE REDEVELOPMENT OF CONTAMINATED LAND
650 _aMETHANE GAS
650 _aPPG23
650 _aRESIDENTIAL DEVELOPMENT
650 _aTANNERIES
650 _aTOWN AND COUNTRY PLANNING ACT 1990
650 _aWATER POLLUTION
690 _aHOUSING-CASE LAW
942 _n0
948 _c04/03/1997
999 _c16861
_d16861